000 00606nam a2200229Ia 4500
003 OSt
005 20220924142933.0
006 a|||||r|||| 00| 0
007 ta
008 220923b |||||||| |||| 00| 0 ori d
020 _c2.00
024 _a304036
037 _cTextual
040 _aARTS
_cARTS
_bORI
041 _2ORI
_aORI
082 _aO1591, MC2-H
100 _aMishra Chintamani Tasra
_9214396
245 0 _aHendu dharmare jate o tahara gate
650 _aORIYA LITERATURE
_927692
942 _hO1591, MC2-H
_cTEXL
_2CC
999 _c452591
_d452591